Normale Ansicht MARC-Ansicht ISBD

Transnationale Zivilgesellschaft in Europa : (Titelsatznr. 20833)

[ MARC ]
MARC-Details
000 -Satzkennung
Kontrollfeld mit fester Länge 00919nam a22002891c 4500
001 - Kontrollnummer
Kontrollfeld ht015992791
008 - Feld mit fester Länge zur physischen Beschreibung - Allgemeine Angaben
Kontrollfeld mit fester Länge 110207s2009 gw |||| 000u ger d
020 ## - Internationale Standardbuchnummer
Internationale Standardbuchnummer 9783830921
Verknüpfung 978-3-8309-21
041 ## - Sprachcode
Sprachcode des Textes/der Tonspur oder des separaten Titels ger
040 ## - Katalogisierungsquelle
Übertragungsstelle RU-10907106
003 - Kontrollnummer Identifier
Kontrollfeld RU-10907106
245 00 - Titel
Titel Transnationale Zivilgesellschaft in Europa :
Zusatz zum Titel Traditionen, Muster, Hindernisse, Chancen
264 ## - Produktion, Veröffentlichung, Distribution, Herstellung und Urheberrechtsvermerk
Herstellungs-, Veröffentlichungs- Vertriebs-, Erzeugungsort Münster [u.a.] :
Produzent, Herausgeber, Distributor, Hersteller Waxmann,
Datum der Herstellung, der Veröffentlichung, des Vertriebs oder des Urheberschutzvermerks 2009
300 ## - Physische Beschreibung
Umfang 178 S. ; graph. Darst
490 #0 - Gesamttitelangabe
Gesamttitelangabe Zivilgesellschaftliche Verständigungsprozesse vom 19. Jahrhundert bis zur Gegenwart
Bandnummer/Folgebezeichnung 1
490 #0 - Gesamttitelangabe
Gesamttitelangabe Niederlande-Studien
650 #0 - Nebeneintragung unter einem Schlagwort - Sachschlagwort
Sachschlagwort oder geografischer Name als Eintragungselement Europäische Integration
650 #0 - Nebeneintragung unter einem Schlagwort - Sachschlagwort
Sachschlagwort oder geografischer Name als Eintragungselement Öffentlichkeit
650 #0 - Nebeneintragung unter einem Schlagwort - Sachschlagwort
Sachschlagwort oder geografischer Name als Eintragungselement Europaparlament
650 #0 - Nebeneintragung unter einem Schlagwort - Sachschlagwort
Sachschlagwort oder geografischer Name als Eintragungselement Demokratie
650 #0 - Nebeneintragung unter einem Schlagwort - Sachschlagwort
Sachschlagwort oder geografischer Name als Eintragungselement Konstitutionalismus
651 #0 - Nebeneintragung unter einem Schlagwort - Geografischer Name
Geografischer Name Niederlande
655 #0 - Indexierungsterm - Genre/Form
Genre/Form oder fokussierter Term Aufsatzsammlung
700 1# - Nebeneintragung - Personenname
Personenname Frantz, Christiane
Funktionsbezeichnung HerausgeberIn
700 1# - Nebeneintragung - Personenname
Personenname Kolb, Holger
Funktionsbezeichnung HerausgeberIn
942 ## - Zusätzliche Felder (Koha)
Koha-Medientyp Monographien
Exemplare
Ausgeschieden Verloren Klassifikation oder Aufstellungssystematik Beschädigt Nicht entleihbar Heimatbibliothek Aufenthaltsbibliothek Aufstellungsort Erwerbungsdatum Inventarnummer Signatur Barcode Letzte Aktivität Preis gültig von Koha-Medientyp
    Andere/Generische Klassifikation     MWN Osteuropa MWN Osteuropa Lesesaal - 1 07/02/2011 11-01633 W 66 C ed Fra E0040150790E65D0 23/02/2021 22/03/2021 Monographien